Tài liệu ôn thi vào lớp 10 : Môn toán

Quyển sách Tài liệu ôn thi vào lớp 10 - môn toán có nội dung gồm 3 phần: Kiến thức trọng tâm; các dạng toán thường gặp; Các đề toán luyện tập giúp học sinh làm quen với các đề thi vào lớp 10, kể cả những đề thi vào trường chuyên, lớp...

Disgrifiad llawn

Wedi'i Gadw mewn:
Manylion Llyfryddiaeth
Prif Awdur: Trần, Lưu Thịnh
Fformat: Llyfr
Iaith:Undetermined
Cyhoeddwyd: Hà Nội Giáo dục Việt Nam 2014
Pynciau:
Tagiau: Ychwanegu Tag
Dim Tagiau, Byddwch y cyntaf i dagio'r cofnod hwn!
Thư viện lưu trữ: Trung tâm Học liệu Trường Đại học Cần Thơ
LEADER 01302nam a2200229Ia 4500
001 CTU_191487
008 210402s9999 xx 000 0 und d
020 |c 28000 
082 |a 510.712 
082 |b Th312 
100 |a Trần, Lưu Thịnh 
245 0 |a Tài liệu ôn thi vào lớp 10 : 
245 0 |b Môn toán 
245 0 |c Trần Lưu Thịnh, Nguyễn Đức Tấn, Nguyễn Anh Hoàng 
260 |a Hà Nội 
260 |b Giáo dục Việt Nam 
260 |c 2014 
520 |a Quyển sách Tài liệu ôn thi vào lớp 10 - môn toán có nội dung gồm 3 phần: Kiến thức trọng tâm; các dạng toán thường gặp; Các đề toán luyện tập giúp học sinh làm quen với các đề thi vào lớp 10, kể cả những đề thi vào trường chuyên, lớp chuyên, những đề thi đều có lời giải chi tiết và đựơc trình bày như đáp án môn thi giúp học sinh tự ôn luyện và tự học rất tốt. 
650 |a Mathematics,Toán học 
650 |x Study and teaching (Secondary),Học và dạy (trung học) 
904 |i Bằng 
980 |a Trung tâm Học liệu Trường Đại học Cần Thơ